2024 NHL Draft Quiz - Statistics

General Stats
  • This quiz has been taken 28 times
  • The average score is 22 of 225
Answer Stats
Pick # Team Original Team Position Player Name % Correct
1 SJS C Macklin Celebrini
100%
4 CBJ C Cayden Lindstrom
71%
5 MTL RW Ivan Demidov
71%
6 UTA LW Tij Iginla
71%
3 ANA RW Beckett Sennecke
67%
8 SEA C Berkly Catton
67%
2 CHI D Artyom Levshunov
63%
11 SJS BUF D Sam Dickinson
63%
7 OTT D Carter Yakemchuk
58%
109 WPG PHI LW Kevin He
58%
9 CGY D Zayne Parekh
58%
12 MIN PHI D Zeev Buium
58%
10 NJD D Anton Silayev
54%
14 BUF PIT C Konsta Helenius
54%
20 NYI TBL LW Cole Eiserman
50%
21 MTL LAK C Michael Hage
50%
15 DET RW Michael Brandsegg-Nygard
46%
13 PHI MIN C Jett Luchanko
42%
26 LAK WPG RW Liam Greentree
42%
43 WSH BUF D Cole Hutson
38%
25 BOS C Dean Letourneau
38%
30 NYR D EJ Emery
38%
29 DAL RW Emil Hemming
38%
18 CHI NYI C Sacha Boisvert
38%
19 VGK LW Trevor Connelly
38%
31 TOR EDM D Ben Danford
29%
24 UTA ANA C Cole Beaudoin
29%
103 UTA C Gabe Smith
29%
32 EDM FLA C Sam O'Reilly
29%
79 ANA PIT D Tarin Smith
29%
70 MTL C Aatos Koivu
25%
27 CHI CAR LW Marek Vanacker
25%
22 NSH C Yegor Surin
25%
16 STL D Adam Jiricek
21%
28 CGY VAN RW Matvei Gridin
21%
66 ANA SJS RW Maxim Masse
21%
23 ANA TOR D Stian Solberg
21%
17 WSH RW Terik Parascak
21%
57 LAK COL G Carter George
17%
38 COL UTA G Ilya Nabokov
17%
50 CAR NYI LW Nikita Artamonov
17%
37 WPG MTL D Alfons Freij
13%
41 CGY LW Andrew Basha
13%
64 EDM G Eemil Vinni
13%
74 CGY D Henry Mews
13%
33 SJS LW Igor Chernyshov
13%
156 CAR RW Justin Poirier
13%
45 MIN RW Ryder Ritchie
13%
59 PHI WPG D Spencer Gill
13%
71 BUF UTA RW Brodie Ziemer
8%
34 CAR CHI D Dominik Badinka
8%
44 PIT PHI D Harrison Brunicke
8%
121 COL C Jake Fisher
8%
53 SJS TBL D Leo Sahlin Wallenius
8%
78 MTL MIN LW Logan Sawyer
8%
186 BOS D Loke Johansson
8%
150 CGY LAK C Luke Misa
8%
47 DET C Max Plante
8%
225 TOR FLA D Nathan Mayes
8%
216 TOR LW Sam McCue
8%
46 PIT LW Tanner Howe
8%
163 CHI D Ty Henry
8%
130 MTL SJS RW Tyler Thorpe
8%
120 TOR D Victor Johansson
8%
65 UTA FLA D Will Skahan
8%
42 BUF NJD D Adam Kleber
4%
72 CHI OTT C AJ Spellacy
4%
183 EDM NSH D Albin Sundin
4%
73 SEA D Alexis Bernier
4%
209 STL C Antoine Dorion
4%
122 MIN BOS D Aron Kiviharju
4%
218 EDM BOS D Bauer Berry
4%
36 CBJ D Charlie Elick
4%
215 COL NSH RW Christian Humphreys
4%
116 SJS VGK G Christian Kirsch
4%
48 STL D Colin Ralph
4%
131 SJS CHI D Colton Roberts
4%
136 OTT D Eerik Wallenius
4%
68 ANA C Ethan Procyszyn
4%
60 CBJ CAR G Evan Gardner
4%
223 PIT NYR D Finn Harding
4%
39 OTT D Gabriel Eliasson
4%
75 WSH NJD LW Ilya Protas
4%
51 PHI C Jack Berglund
4%
92 CHI CAR RW Jack Pridham
4%
62 CGY DAL RW Jacob Battaglia
4%
54 NYI LAK D Jesse Pulkkinen
4%
67 CHI LW John Mustard
4%
144 DET D John Whipple
4%
40 SEA C Julius Miettinen
4%
61 NYI VAN C Kamil Bednarik
4%
52 WSH VGK D Leon Muggli
4%
58 FLA BOS C Linus Eriksson
4%
132 COL ANA G Louka Cloutier
4%
86 CBJ LAK D Luca Marrelli
4%
35 ANA C Lucas Pettersson
4%
56 STL TOR D Lukas Fischier
4%
210 MTL WSH RW Makar Khanin
4%
155 WPG C Markus Loponen
4%
49 NJD WSH G Mikhail Yegorov
4%
134 MTL G Mikus Vecvanags
4%
151 TOR NSH C Miroslav Holinka
4%
212 WSH VGK C Miroslav Satan
4%
143 SJS PIT D Nate Misskey
4%
63 SEA NYR C Nathan Villeneuve
4%
217 COL LW Nikita Prishchepov
4%
69 CAR CBJ D Noel Fransen
4%
81 STL LW Ondrej Kos
4%
135 UTA C Owen Allard
4%
224 MTL EDM D Rasmus Bergqvist
4%
123 BUF WPG D Simon-Pier Brunet
4%
55 NSH LW Teddy Stiga
4%
89 UTA COL D Tomas Lavoie
4%
96 UTA EDM D Veeti Vaisanen
4%
77 NSH PHI D Viggo Gustafsson
4%
222 DAL C William Samuelsson
4%
76 COL BUF C William Zellers
4%
95 STL NYR C Adam Jecho
0%
153 UTA COL D Ales Cech
0%
152 TOR LW Alexander Plesovskikh
0%
124 CAR D Alexander Siryatsky
0%
100 ANA LW Alexandre Blais
0%
220 CAR LW Andrei Krutov
0%
162 VAN SJS C Anthony Romani
0%
203 DET NJD LW Austin Baker
0%
182 ANA LAK RW Austin Burnevik
0%
205 PHI D Austin Moline
0%
221 VAN D Basile Sansonnens
0%
166 MTL C Ben Merrill
0%
117 OTT TBL LW Blake Montgomery
0%
82 SJS WSH RW Carson Wetsch
0%
176 DET LW Charlie Forslund
0%
111 PIT D Chase Pietila
0%
142 MIN G Chase Wutzke
0%
141 SEA PHI LW Clarke Caswell
0%
160 EDM LW Connor Clattenburg
0%
192 EDM C Dalyn Wakely
0%
214 ANA LAK D Darels Uljanskis
0%
201 FLA SEA G Denis Gabdrakhmanov
0%
115 NYI G Dmitri Gamzin
0%
110 BOS MIN D Elliot Groenewold
0%
177 CGY STL D Eric Jamieson
0%
213 NSH TBL RW Erik Pahlsson
0%
90 WSH BOS LW Eriks Mateiko
0%
208 DET D Fisher Scott
0%
188 CAR LW Fyodor Avramov
0%
98 UTA SJS D Gregor Biber
0%
128 TBL EDM C Hagen Burrows
0%
206 TBL MIN G Harrison Meneghin
0%
107 PHI NJD C Heikki Ruohonen
0%
91 NJD WPG LW Herman Traff
0%
94 NSH DAL RW Hikori Gojsic
0%
170 CGY C Hunter Laing
0%
193 FLA LW Hunter St. Martin
0%
173 PHI RW Ilya Pautov
0%
137 COL SEA G Ivan Yunin
0%
202 SEA CGY D Jakub Fibigr
0%
99 NSH CHI G Jakub Milota
0%
198 LAK MTL RW James Reeder
0%
118 TBL LAK D Jan Golicic
0%
164 LAK ANA D Jared Woolley
0%
112 OTT DET LW Javon Moore
0%
195 TBL CHI C Joe Connor
0%
138 CHI CGY LW Joel Svensson
0%
154 BOS C Jonathan Morello
0%
149 TBL C Joona Saarelainen
0%
175 PIT D Joona Vaisanen
0%
181 TBL C Kaden Pitre
0%
85 NJD TBL RW Kasper Pikkarainen
0%
187 WPG C Kieron Walton
0%
88 SEA TOR G Kim Saarinen
0%
84 CGY VGK G Kirill Zarubin
0%
126 DET DAL G Landon Miller
0%
104 OTT C Lucas Ellinas
0%
197 VGK CBJ RW Lucas Van Vilet
0%
190 UTA DAL D Ludvig Lafton
0%
165 CBJ D Luke Ashton
0%
108 BUF D Luke Osburn
0%
207 PIT LW Mac Swanson
0%
147 NYI G Marcus Gidlof
0%
200 TOR OTT D Matthew Lahey
0%
211 STL NYI C Matvei Korotky
0%
97 FLA D Matvei Shuravin
0%
171 NJD C Matyas Melovsky
0%
139 NJD C Max Graham
0%
161 COL FLA C Maxmilian Curran
0%
93 VAN RW Melvin Fernstrom
0%
87 NSH RW Miguel Marques
0%
159 NYR LW Nathan Aspinall
0%
114 WSH G Nicholas Kempf
0%
158 DAL D Niilopekka Muhonen
0%
148 PHI VGK RW Noah Powell
0%
199 TBL UTA LW Noah Steen
0%
105 SEA C Ollie Josephson
0%
80 DET C Ondrej Becher
0%
133 CAR CBJ C Oskar Vuollet
0%
102 MTL D Owen Protz
0%
189 VAN D Parker Alcos
0%
172 BUF D Patrick Geary
0%
83 VGK NYI G Pavel Moysevich
0%
178 WSH C Petr Sikora
0%
119 NYR NSH C Raoul Boilard
0%
191 NYR LW Rico Gredig
0%
125 VAN C Riley Patterson
0%
184 CAR TOR D Roman Shokrin
0%
219 BUF WPG G Ryerson Leenders
0%
140 MIN BUF D Sebastian Soini
0%
129 FLA C Simon Zether
0%
169 FLA SEA C Stepan Gorbunov
0%
174 MIN D Stevie Leskovar
0%
101 CBJ D Tanner Henricks
0%
157 TOR VAN G Timofei Obvintsev
0%
168 CAR OTT D Timur Kol
0%
113 STL C Tomas Mrsic
0%
185 COL D Tory Pitner
0%
180 VGK LW Trent Swick
0%
106 CGY C Trevor Hoskin
0%
204 BUF RW Vasili Zelenov
0%
146 NJD WSH G Veeti Louhivaara
0%
127 NSH NYR LW Viktor Norringer
0%
167 UTA C Vojtech Hradec
0%
145 STL D William McIsaac
0%
196 EDM ANA C William Nicholl
0%
179 NYI D Xavier Veilleux
0%
194 SJS G Yaroslav Korostelyov
0%
No matching quizzes found
Score Distribution
Percent of People with Each Score
Percentile by Number Answered
Your Score History
You have not taken this quiz